000
00332nam a22001457a 4500
008
210322b ||||| |||| 00| 0 eng d
020
_a
9780789402042
041
_a
eng
080
_a
030
082
_a
030
100
_a
23
101
_a
ENC
245
_a
The Concise Encyclopedia of the Human Body
_c
Burnie, D
942
_2
udc
_c
BK
999
_c
56639
_d
56639